Reflections upon our late and present proceedings in England.

Bibliographic Details
Format: Microform Book
Language:English
Published: London printed : [publisher not identified], 1689.
Series:Early English books, 1641-1700 ; 1534:17.
Subjects:

MARC

Tag First Indicator Second Indicator Subfields
LEADER 00000cam a2200000 a 4500
001 in00000891069
005 20150923150739.0
007 hd afb017baca
007 hd bfb017baaa
008 850928s1689 miu a 00000 eng d
035 |a (OCoLC)12611305 
035 |9 AEL8267AM 
037 |a CL0037000054  |b University Microfilms International 
037 |b University Microfilms International, 300 N. Zeeb Rd., Ann Arbor, MI 48106 
040 |a EAH  |c EAH  |d UtOrBLW 
043 |a e-uk---- 
045 2 |b d 1689  |b d1702 
049 |a TXAI 
090 |a DA460  |b .R43 
099 |a film   |a  B   |a  3609 
245 0 0 |a Reflections upon our late and present proceedings in England. 
264 1 |a London printed :  |b [publisher not identified],  |c 1689. 
300 |a 15 pages 
336 |a text  |b txt  |2 rdacontent 
337 |a microform  |b h  |2 rdamedia 
338 |a microfilm reel  |b hd  |2 rdacarrier 
500 |a Reproduction of original in the Harvard University Library. 
510 4 |a Wing  |c R722. 
533 |a Microfilm.  |b Ann Arbor, Mich. :  |c University Microfilms International,  |d 1984.  |e 1 microfilm reel ; 35 mm.  |f (Early English books, 1641-1700 ; 1534:17) 
500 |a Microform. 
651 0 |a Great Britain  |x History  |y Revolution of 1688. 
651 0 |a Great Britain  |x History  |y William and Mary, 1689-1702. 
651 0 |a Great Britain  |x Politics and government  |y 1689-1702. 
830 0 |a Early English books, 1641-1700 ;  |v 1534:17. 
999 |a MARS 
999 f f |s 32d911ed-ef99-397d-97b3-56618667e679  |i 7222c265-3d57-32e5-8bd1-7bcba96bea3b  |t 0 
952 f f |p default  |a Texas A&M University  |b College Station  |c Sterling C. Evans Library  |d Evans: Microforms (3rd floor)  |t 0  |e film B 3609 1534:17  |h Other scheme  |i microform -- microfilm reel 
998 f f |a film B 3609 1534:17  |t 0  |l Evans: Microforms (3rd floor)